Algèbres de Lie et groupes de Lie : (résumé des leçons) /

Guardado en:
Autor Principal: Bruhat, F.
Formato: Libro
Idioma:French
Publicado: [Recife?] : Instituto de Física e Matemática, Universidade do Recife, 1959.
Series:Textos de matemática ; no. 3
Etiquetas: Agregar Etiqueta
Sin Etiquetas, Sea el primero en etiquetar este registro!
LEADER 00591nam a22001695a 4500
001 MAT.inmabb000538
008 031117s1959####bl############000#0#fre#d
005 20170801154711.0
245 1 0 |a Algèbres de Lie et groupes de Lie :  |b (résumé des leçons) /  |c por François Bruhat. 
260 |a [Recife?] :  |b Instituto de Física e Matemática, Universidade do Recife,  |c 1959. 
300 |a 71 p. 
440 0 |a Textos de matemática ;  |v no. 3 
500 |a Copia mimeografiada. 
510 4 |a MR,  |c 25 #5131 
100 1 |a Bruhat, F.  |q (François) 
084 |a 22-XX  |2 msc2000 
859 |h 22  |i B892  |p A-320  |b BIB. MATEMATICA